[Event "C.to Europeo U18"]
[Site "Fermo ITA"]
[Date "2009.09.01"]
[Round "2"]
[White "Getz, Nicolai"]
[Black "Glibstrup, Jakob"]
[Result "1-0"]
[WhiteElo "2219"]
[BlackElo "1978"]
[PlyCount "89"]
[EventDate "2009.08.31"]

1. e4 e5 2. Nf3 Nc6 3. Bc4 Bc5 4. d3 Nf6 5. O-O d6 6. c3 a6 7. Bb3 Ba7 8. Re1
O-O 9. h3 Be6 10. Bc2 h6 11. Nbd2 Nh5 12. Nf1 Qf6 13. Be3 Bxe3 14. Nxe3 Nf4 15.
d4 Ne7 16. Kh2 Neg6 17. Nf5 Ne7 18. g3 Nfg6 19. Ne3 h5 20. Kg2 Rad8 21. d5 Bd7
22. h4 Nc8 23. Ng5 Nge7 24. Qxh5 Qh6 25. Qxh6 gxh6 26. Nh3 Nb6 27. g4 c6 28. c4
cxd5 29. cxd5 Rc8 30. Bd3 Na4 31. b3 Nc5 32. Bc2 Bb5 33. Red1 Rc7 34. a4 Bd7
35. b4 Nxe4 36. Bxe4 h5 37. g5 f5 38. gxf6 Rxf6 39. Rdc1 Rxc1 40. Rxc1 Bxh3+
41. Kxh3 Rxf2 42. Rg1+ Kf8 43. Rf1 Rxf1 44. Nxf1 Ke8 45. Ng3 1-0

[Event "C.to Europeo U18"]
[Site "Fermo ITA"]
[Date "2009.09.01"]
[Round "2"]
[White "Giacchetti, Lorenzo"]
[Black "Janse, Rasmus"]
[Result "1/2-1/2"]
[WhiteElo "1818"]
[BlackElo "2127"]
[PlyCount "157"]
[EventDate "2009.08.31"]

1. e4 e6 2. d4 d5 3. Nd2 c5 4. exd5 Qxd5 5. Ngf3 cxd4 6. Bc4 Qd6 7. O-O Nf6 8.
Nb3 Nc6 9. Nbxd4 Nxd4 10. Qxd4 Bd7 11. Bf4 Qxd4 12. Nxd4 Rc8 13. Bd3 Bc5 14.
Nb5 Ke7 15. Nc3 Bc6 16. Rfe1 Rhd8 17. a3 a6 18. h3 Bd4 19. Be5 Bxe5 20. Rxe5
Nd5 21. Nxd5+ Bxd5 22. Rae1 b5 23. R1e2 Bc4 24. Bxc4 Rxc4 25. c3 Rc6 26. f4 Kf6
27. g4 g6 28. Kf2 Rd3 29. R5e3 Rcd6 30. Rxd3 Rxd3 31. Re3 Rd2+ 32. Re2 Rd3 33.
Re3 Rd2+ 34. Re2 Rxe2+ 35. Kxe2 e5 36. Ke3 Ke6 37. b3 Kd5 38. fxe5 Kxe5 39. c4
bxc4 40. bxc4 f6 41. h4 h6 42. h5 g5 43. c5 f5 44. gxf5 Kxf5 45. Kd4 Ke6 46.
Ke4 a5 47. a4 Kd7 48. Kd5 Kc7 49. c6 g4 50. Ke4 Kxc6 51. Kf4 Kd5 52. Kxg4 Ke4
53. Kg3 Kf5 54. Kf3 Kg5 55. Ke4 Kxh5 56. Kf5 Kh4 57. Kf4 h5 58. Kf3 Kh3 59. Kf4
h4 60. Kf3 Kh2 61. Kf2 Kh1 62. Kf3 Kh2 63. Kf2 h3 64. Kf1 Kg3 65. Kg1 Kf3 66.
Kh2 Kg4 67. Kh1 Kf4 68. Kh2 Ke4 69. Kxh3 Kd4 70. Kg3 Kc4 71. Kf3 Kb4 72. Ke3
Kxa4 73. Kd2 Kb3 74. Kc1 Ka2 75. Kc2 a4 76. Kc1 a3 77. Kc2 Ka1 78. Kb3 a2 79.
Kc2 1/2-1/2

[Event "C.to Europeo U18"]
[Site "Fermo ITA"]
[Date "2009.09.01"]
[Round "2"]
[White "Gonzalez Laso, Adrian"]
[Black "Albano, Axel"]
[Result "1/2-1/2"]
[WhiteElo "2059"]
[BlackElo "1524"]
[PlyCount "50"]
[EventDate "2009.08.31"]

1. e4 e6 2. d3 d5 3. Nd2 Nf6 4. g3 Bc5 5. Bg2 O-O 6. e5 Nfd7 7. Ngf3 Nc6 8. Qe2
Bd4 9. c3 Bxe5 10. d4 Bd6 11. h4 Re8 12. O-O Nf6 13. Ne5 Bd7 14. h5 h6 15. f4
Nh7 16. Ndf3 Nxe5 17. fxe5 Be7 18. Nh2 Bg5 19. Qf2 Rf8 20. Bf4 Bxf4 21. gxf4 f6
22. Qg3 f5 23. Kh1 Bb5 24. Rg1 Qe7 25. Nf3 Be8 1/2-1/2

[Event "C.to Europeo U18"]
[Site "Fermo ITA"]
[Date "2009.09.01"]
[Round "2"]
[White "Graf, Felix"]
[Black "Herman, Jean"]
[Result "1-0"]
[WhiteElo "2291"]
[BlackElo "2050"]
[PlyCount "61"]
[EventDate "2009.08.31"]

1. d4 Nf6 2. c4 c5 3. d5 b5 4. Nf3 g6 5. cxb5 a6 6. b6 Qxb6 7. Nc3 Bg7 8. e4 d6
9. a4 O-O 10. a5 Qb4 11. Ra4 Qb7 12. Bc4 Bd7 13. Ra3 Bb5 14. Nd2 Nbd7 15. f4
Ne8 16. O-O Nc7 17. Rb3 Rfb8 18. e5 dxe5 19. f5 Ne8 20. Bxb5 axb5 21. Rxb5 Qc7
22. Rxb8 Qxb8 23. Qa4 Qc7 24. Nc4 Nd6 25. Bg5 Nxf5 26. Qc6 Qxc6 27. dxc6 Nf6
28. Nb6 Re8 29. Bxf6 Bxf6 30. Ne4 Kf8 31. c7 1-0

[Event "C.to Europeo U18"]
[Site "Fermo ITA"]
[Date "2009.09.01"]
[Round "2"]
[White "Hohluks, Aleksandrs"]
[Black "Pelagalli, Marco"]
[Result "1-0"]
[WhiteElo "2085"]
[BlackElo "1836"]
[PlyCount "29"]
[EventDate "2009.08.31"]

1. d4 Nf6 2. Nf3 Ne4 3. Bf4 d6 4. h3 Bf5 5. e3 e6 6. c3 g5 7. Bh2 g4 8. hxg4
Bxg4 9. Bd3 Ng5 10. Bf4 Bxf3 11. gxf3 f5 12. Nd2 Be7 13. Qb3 Qd7 14. Qxb7 Qc6
15. Bb5 1-0

[Event "C.to Europeo U18"]
[Site "Fermo ITA"]
[Date "2009.09.01"]
[Round "2"]
[White "Homatidis, Panagiotis"]
[Black "Salentiny, Eric"]
[Result "1-0"]
[WhiteElo "2123"]
[BlackElo "1861"]
[PlyCount "79"]
[EventDate "2009.08.31"]

1. e4 e6 2. Qe2 c5 3. b3 Nc6 4. Nf3 b6 5. Bb2 Bb7 6. g3 Nf6 7. Bg2 Nb4 8. d3 d5
9. exd5 Nbxd5 10. Nh4 Rb8 11. O-O Be7 12. Be5 Bd6 13. Bxd6 Qxd6 14. Nf5 Qf8 15.
Qe5 Kd7 16. Bxd5 Bxd5 17. Nc3 Bc6 18. Ne3 Qd6 19. Nc4 Qc7 20. a4 a6 21. a5 b5
22. Nb6+ Rxb6 23. Qxc7+ Kxc7 24. axb6+ Kxb6 25. f3 Rd8 26. Kf2 Nd5 27. Nxd5+
Bxd5 28. Ke3 Bb7 29. c3 b4 30. c4 Rd4 31. f4 f5 32. Rfd1 h5 33. Ra4 g6 34.
Rxb4+ Kc7 35. Ra4 Rd8 36. b4 Bc6 37. Rxa6 cxb4 38. Ra7+ Kd6 39. Rb1 Rb8 40. Kd4
1-0

[Event "C.to Europeo U18"]
[Site "Fermo ITA"]
[Date "2009.09.01"]
[Round "2"]
[White "Janev, Tihomir"]
[Black "Chirila, Ioan-Cristian"]
[Result "0-1"]
[WhiteElo "2322"]
[BlackElo "2526"]
[PlyCount "142"]
[EventDate "2009.08.31"]

1. Nf3 Nf6 2. c4 e6 3. g3 d5 4. Bg2 c6 5. Qc2 dxc4 6. Qxc4 b5 7. Qc2 Bb7 8. d4
Nbd7 9. a4 c5 10. O-O b4 11. Be3 Rc8 12. dxc5 Bxc5 13. Bxc5 Nxc5 14. Nbd2 O-O
15. Rfd1 Bd5 16. Nc4 b3 17. Qb1 Qe7 18. Nfe5 Rfd8 19. Ne3 Nfe4 20. Nd3 Qf6 21.
Ng4 Qg5 22. Ne3 Nxf2 23. Kxf2 Bxg2 24. Nxg2 Ne4+ 25. Kg1 Rc2 26. Ngf4 e5 27.
Nxe5 Nd2 28. Rxd2 Rdxd2 29. Nf3 Qc5+ 30. Kf1 Rd8 31. Qe1 Qe3 32. Rb1 h6 33. h4
Re8 34. a5 a6 35. h5 Qc5 36. Kg2 Qc4 37. Kh3 g5 38. hxg6 fxg6 39. Qd1 Qf7 40.
Qd5 Qxd5 41. Nxd5 Rexe2 42. Rd1 Rxb2 43. Nf4 Re7 44. Nxg6 Rb7 45. Nge5 Ra2 46.
Nc4 b2 47. Rb1 Ra1 48. Rxb2 Rxb2 49. Nxb2 Rxa5 50. Kg4 Rb5 51. Nc4 a5 52. Kf4
a4 53. Nfd2 Kg7 54. Ke3 Kg6 55. Kf4 Rd5 56. Ke4 Rd8 57. Nf3 Rd1 58. Nce5+ Kf6
59. Nc4 Rc1 60. Nfd2 Kg5 61. Kf3 Ra1 62. Ne4+ Kg6 63. Ne3 Rc1 64. Nd5 a3 65.
Nb4 Rb1 66. Na2 Kf5 67. g4+ Ke5 68. Nd2 Rb2 69. Nc4+ Kd4 70. Nxa3 Rxa2 71. Nb5+
Ke5 0-1

[Event "C.to Europeo U18"]
[Site "Fermo ITA"]
[Date "2009.09.01"]
[Round "2"]
[White "Ketzetzis, Georgios"]
[Black "Vukcevic, Nemanja"]
[Result "1-0"]
[WhiteElo "2222"]
[BlackElo "1996"]
[PlyCount "45"]
[EventDate "2009.08.31"]

1. e4 c5 2. Nf3 d6 3. d4 cxd4 4. Nxd4 Nf6 5. Nc3 a6 6. Bc4 e6 7. Be3 Be7 8. Qe2
Qc7 9. Bb3 O-O 10. g4 b5 11. g5 Nfd7 12. O-O-O Nc5 13. Rhg1 b4 14. Na4 Bd7 15.
Qh5 g6 16. Qh6 Rc8 17. Nxc5 dxc5 18. Rg3 Bf8 19. Qh4 c4 20. Rh3 Bg7 21. Qxh7+
Kf8 22. Ba4 Bxa4 23. Nxe6+ 1-0

[Event "C.to Europeo U18"]
[Site "Fermo ITA"]
[Date "2009.09.01"]
[Round "2"]
[White "Krejci, Jan"]
[Black "Yilmazyerli, Mert"]
[Result "1-0"]
[WhiteElo "2453"]
[BlackElo "2255"]
[PlyCount "73"]
[EventDate "2009.08.31"]

1. e4 e5 2. Nf3 Nc6 3. Bb5 a6 4. Ba4 Nf6 5. O-O Be7 6. Re1 b5 7. Bb3 d6 8. c3
O-O 9. h3 Na5 10. Bc2 c5 11. d4 cxd4 12. cxd4 Bb7 13. Nbd2 Nc6 14. Nf1 Nxd4 15.
Nxd4 exd4 16. Qxd4 Rc8 17. Qd3 Qc7 18. Bb3 Nd7 19. Qg3 Bf6 20. Bf4 Be5 21. Rad1
Nf6 22. Qf3 a5 23. Ng3 a4 24. Bd5 Bxd5 25. Bxe5 dxe5 26. exd5 Qc2 27. Nf5 Rce8
28. d6 Qxb2 29. Ne7+ Kh8 30. Nc6 Nd7 31. Re2 e4 32. Qh5 Qc3 33. Qxb5 e3 34. Ne7
exf2+ 35. Rxf2 Ne5 36. Qxa4 Nd3 37. Rc2 1-0

[Event "C.to Europeo U18"]
[Site "Fermo ITA"]
[Date "2009.09.01"]
[Round "2"]
[White "Lach, Piotr"]
[Black "Sitnic, Adnan"]
[Result "0-1"]
[WhiteElo "2148"]
[BlackElo "1927"]
[PlyCount "120"]
[EventDate "2009.08.31"]

1. e4 d5 2. exd5 Nf6 3. c4 c6 4. d4 cxd5 5. Nc3 e6 6. Nf3 Nc6 7. c5 Ne4 8. Bb5
Qa5 9. Qd3 Bd7 10. O-O Nxc3 11. bxc3 Ne5 12. Bxd7+ Nxd7 13. Bg5 Rc8 14. a4 b6
15. Qb5 Qxb5 16. axb5 bxc5 17. Rxa7 Nb6 18. Rfa1 Bd6 19. R1a6 Nc4 20. b6 cxd4
21. Nxd4 h6 22. b7 Rb8 23. Bh4 Bc5 24. Ra8 Kd7 25. h3 Rhe8 26. Nb3 Bb6 27. Bg3
Rxb7 28. Rxb6 Rxb6 29. Nc5+ Ke7 30. Ra7+ Kf6 31. Nd7+ Kg6 32. Nxb6 Nxb6 33. Rc7
Rc8 34. Rxc8 Nxc8 35. Bc7 Na7 36. Kf1 Nb5 37. Ba5 Kf5 38. Ke2 Ke4 39. f3+ Kf4
40. Kf2 e5 41. Bb4 h5 42. g3+ Kg5 43. h4+ Kf5 44. Ke3 f6 45. Kd3 g5 46. hxg5
fxg5 47. c4 dxc4+ 48. Kxc4 Nd4 49. g4+ hxg4 50. fxg4+ Kxg4 51. Bd6 Nf3 52. Kd3
Kf4 53. Ke2 g4 54. Kf2 g3+ 55. Kg2 Kg4 56. Bc7 Nh4+ 57. Kf1 Kh3 58. Ke2 g2 59.
Bb6 Kh2 60. Kd3 g1=Q 0-1

[Event "C.to Europeo U18"]
[Site "Fermo ITA"]
[Date "2009.09.01"]
[Round "2"]
[White "Larmuseau, Maarten"]
[Black "Mereu, Matteo"]
[Result "0-1"]
[WhiteElo "2169"]
[BlackElo "1964"]
[PlyCount "94"]
[EventDate "2009.08.31"]

1. e4 e5 2. Nf3 f5 3. Nxe5 Qe7 4. Qh5+ g6 5. Nxg6 Qxe4+ 6. Be2 Nf6 7. Qh3 hxg6
8. Qxh8 Qxg2 9. Rf1 Kf7 10. d3 Nc6 11. Qh4 d5 12. Bg5 Be7 13. Nd2 Nd4 14. Bd1
f4 15. c3 Nf5 16. Qxf4 Bd6 17. Qf3 Qxg5 18. Bb3 Nh4 19. Qe2 Bh3 20. f4 Ng2+ 21.
Kd1 Nxf4 22. Rxf4 Bxf4 23. Nf3 Qg2 24. Qxg2 Bxg2 25. Ke2 Re8+ 26. Kf2 Bxf3 27.
Kxf3 Bxh2 28. Rf1 g5 29. Bd1 Bf4 30. Kg2 Rh8 31. Kg1 Ke7 32. a4 Kd6 33. Rf3 a6
34. Rf1 c5 35. Rf3 b5 36. Rf1 c4 37. axb5 axb5 38. dxc4 bxc4 39. b3 cxb3 40.
Bxb3 Rc8 41. Rf3 Ne4 42. Rd3 Nxc3 43. Kg2 Ke5 44. Kf3 d4 45. Kg4 Be3 46. Bf7
Nd5 47. Ra3 Rc7 0-1

[Event "C.to Europeo U18"]
[Site "Fermo ITA"]
[Date "2009.09.01"]
[Round "2"]
[White "Leniart, Arkadiusz"]
[Black "Botta, Gabriele"]
[Result "1-0"]
[WhiteElo "2390"]
[BlackElo "2228"]
[PlyCount "67"]
[EventDate "2009.08.31"]

1. e4 c5 2. Nf3 Nc6 3. d4 cxd4 4. Nxd4 Nf6 5. Nc3 e5 6. Ndb5 d6 7. Bg5 a6 8.
Na3 b5 9. Nd5 Be7 10. Bxf6 Bxf6 11. c4 b4 12. Nc2 a5 13. Qf3 Be6 14. Rd1 Bxd5
15. cxd5 Na7 16. Bc4 O-O 17. O-O g6 18. Qe2 Bg7 19. b3 f5 20. exf5 gxf5 21. f4
Qb6+ 22. Kh1 Rae8 23. fxe5 Rxe5 24. Qd3 f4 25. Rf3 Rh5 26. Rdf1 Be5 27. g3 Nc8
28. gxf4 Bf6 29. Qe2 Kh8 30. Re3 Rf5 31. Bd3 Rxd5 32. Re8 Rxd3 33. Rxf8+ Kg7
34. Rxc8 1-0

[Event "C.to Europeo U18"]
[Site "Fermo ITA"]
[Date "2009.09.01"]
[Round "2"]
[White "Martin Fuentes, Alberto"]
[Black "Paichadze, Luka"]
[Result "0-1"]
[WhiteElo "2244"]
[BlackElo "2420"]
[PlyCount "56"]
[EventDate "2009.08.31"]

1. e4 c6 2. Nc3 d5 3. Nf3 a6 4. h3 d4 5. Ne2 c5 6. Ng3 Nc6 7. Bc4 e6 8. a4 Bd6
9. d3 Nge7 10. O-O Ng6 11. Nh5 O-O 12. Nh2 e5 13. Qf3 Kh8 14. g4 Be6 15. b3 Bd7
16. Bd2 Nb4 17. Bxb4 cxb4 18. Rfc1 Rc8 19. Nf1 Be7 20. Ra2 Bc6 21. a5 Nh4 22.
Qg3 Bg5 23. f4 exf4 24. Nxf4 Qf6 25. Nh5 Qh6 26. Rd1 g6 27. Be6 fxe6 28. Qe5+
Bf6 0-1

[Event "C.to Europeo U18"]
[Site "Fermo ITA"]
[Date "2009.09.01"]
[Round "2"]
[White "Martinovic, Sasa"]
[Black "Goumas, Georgios"]
[Result "1/2-1/2"]
[WhiteElo "2525"]
[BlackElo "2315"]
[PlyCount "31"]
[EventDate "2009.08.31"]

1. Nf3 Nf6 2. c4 e6 3. Nc3 Bb4 4. g4 O-O 5. g5 Ne8 6. Qc2 d5 7. a3 Be7 8. d4
dxc4 9. e4 c5 10. d5 exd5 11. Nxd5 Nc6 12. Rg1 Nc7 13. Bxc4 b5 14. Nxc7 Qxc7
15. Bd5 Be6 16. Be3 1/2-1/2

[Event "C.to Europeo U18"]
[Site "Fermo ITA"]
[Date "2009.09.01"]
[Round "2"]
[White "Mordechai, Hanan"]
[Black "Yilmaz, Mustafa"]
[Result "1-0"]
[WhiteElo "2263"]
[BlackElo "2432"]
[PlyCount "39"]
[EventDate "2009.08.31"]

1. e4 c5 2. Nf3 d6 3. d4 cxd4 4. Nxd4 Nf6 5. Nc3 a6 6. Bg5 e6 7. f4 Nc6 8. Nxc6
bxc6 9. e5 h6 10. Bh4 g5 11. fxg5 Nd5 12. Ne4 Qb6 13. Bd3 hxg5 14. Bxg5 Qxb2
15. c4 Qxg2 16. Rf1 dxe5 17. Rb1 f5 18. Qa4 Ne7 19. Rf2 Qh3 20. Bf1 1-0

[Event "C.to Europeo U18"]
[Site "Fermo ITA"]
[Date "2009.09.01"]
[Round "2"]
[White "Nabaty, Tamir"]
[Black "Platzgummer, Fabian"]
[Result "1-0"]
[WhiteElo "2504"]
[BlackElo "2308"]
[PlyCount "71"]
[EventDate "2009.08.31"]

1. e4 c5 2. Nf3 d6 3. d4 cxd4 4. Nxd4 Nf6 5. Nc3 a6 6. h3 Nc6 7. g4 g6 8. Be3
Bg7 9. Qd2 O-O 10. O-O-O Bd7 11. g5 Ne8 12. h4 b5 13. h5 b4 14. Nce2 Ne5 15.
hxg6 hxg6 16. Ng3 Qa5 17. Kb1 Nc7 18. f4 Nc6 19. Bh3 Nb5 20. Nb3 Qc7 21. Bxd7
Qxd7 22. Qh2 Rfc8 23. f5 Ne5 24. fxg6 Nc4 25. Bd4 Nca3+ 26. bxa3 Nxa3+ 27. Ka1
Nxc2+ 28. Kb2 Nxd4 29. Qh7+ Kf8 30. Nh5 Rc2+ 31. Kb1 Qa4 32. Qxg7+ Ke8 33.
Qxf7+ Kd7 34. Nf6+ Kc7 35. Nxd4 b3 36. Nd5+ 1-0

[Event "C.to Europeo U18"]
[Site "Fermo ITA"]
[Date "2009.09.01"]
[Round "2"]
[White "Nitelea, Alexandru-Barbu"]
[Black "MacGregor, Ian Ross"]
[Result "0-1"]
[WhiteElo "2099"]
[BlackElo "1854"]
[PlyCount "86"]
[EventDate "2009.08.31"]

1. e4 e6 2. d4 d5 3. exd5 exd5 4. Nf3 Bd6 5. c4 dxc4 6. Bxc4 Nf6 7. O-O O-O 8.
Be3 Bg4 9. Nbd2 Nbd7 10. a3 Nb6 11. Ba2 c6 12. Qc2 Qc7 13. Rac1 Rae8 14. Ne5
Bh5 15. Ndf3 Bxf3 16. Nxf3 Ng4 17. h3 Nxe3 18. fxe3 Qe7 19. Rce1 Bg3 20. Re2
Nd5 21. e4 Nf4 22. Re3 Nd5 23. Bxd5 cxd5 24. e5 Rc8 25. Qf5 Qe6 26. Qxh7+ Kxh7
27. Ng5+ Kg6 28. Nxe6 fxe6 29. Rxf8 Rxf8 30. Rxg3+ Kh6 31. Rf3 Rxf3 32. gxf3
Kg5 33. Kf2 Kf4 34. h4 g6 35. Kg2 Ke3 36. Kg3 Kxd4 37. Kf4 Kc4 38. Ke3 d4+ 39.
Ke4 d3 40. Ke3 b5 41. f4 d2 42. Kxd2 Kd4 43. f5 gxf5 0-1

[Event "C.to Europeo U18"]
[Site "Fermo ITA"]
[Date "2009.09.01"]
[Round "2"]
[White "Nuri, Kambez"]
[Black "Mammadov, Ayaz Arzu Oglu"]
[Result "1/2-1/2"]
[WhiteElo "2198"]
[BlackElo "2331"]
[PlyCount "120"]
[EventDate "2009.08.31"]

1. e4 e6 2. d4 d5 3. Nc3 Bb4 4. exd5 exd5 5. Bd3 Nc6 6. a3 Bxc3+ 7. bxc3 Nge7
8. Qh5 Be6 9. Rb1 b6 10. Nf3 Qd7 11. Ng5 g6 12. Qe2 Bf5 13. Bb5 f6 14. Nf3 O-O
15. O-O Rfe8 16. Nh4 Bg4 17. f3 Be6 18. g4 Nc8 19. Qf2 Nd6 20. Bd3 Na5 21. Ng2
Nac4 22. h4 a5 23. g5 fxg5 24. Bxg5 Nxa3 25. Rbe1 Bf5 26. Nf4 c6 27. h5 Qf7 28.
Qh4 Nxc2 29. hxg6 hxg6 30. Re5 Bxd3 31. Nxd3 Nc4 32. Bf6 Qh7 33. Qxh7+ Kxh7 34.
Rf2 N2e3 35. Nf4 Kg8 36. Rg5 Kf7 37. Be5 Nxe5 38. dxe5 Rg8 39. Rh2 Rg7 40. Kf2
Nf5 41. Nxg6 Rxg6 42. Rxf5+ Ke6 43. Rfh5 Rf8 44. Rh6 Rxh6 45. Rxh6+ Kxe5 46.
Rxc6 Rb8 47. Ke3 a4 48. f4+ Kf5 49. Rd6 Re8+ 50. Kf3 Ra8 51. Rxb6 Rc8 52. Ke3
Rc4 53. Rb5 Re4+ 54. Kd3 Ke6 55. f5+ Ke5 56. f6 Rf4 57. Ra5 Rf3+ 58. Kd2 Rf2+
59. Ke3 Rf4 60. f7 Rxf7 1/2-1/2

[Event "C.to Europeo U18"]
[Site "Fermo ITA"]
[Date "2009.09.01"]
[Round "2"]
[White "Ollier, Pablo"]
[Black "Kleijn, Christov"]
[Result "1/2-1/2"]
[WhiteElo "2226"]
[BlackElo "2377"]
[PlyCount "62"]
[EventDate "2009.08.31"]

1. d4 Nf6 2. c4 g6 3. Nc3 Bg7 4. e4 d6 5. Nf3 O-O 6. Be2 Na6 7. Bf4 Nd7 8. O-O
e5 9. Be3 exd4 10. Bxd4 Ne5 11. Nxe5 Bxe5 12. f4 Bxd4+ 13. Qxd4 f6 14. Rad1 Qe7
15. Nd5 Qg7 16. Bd3 Bd7 17. Rde1 c6 18. Nc3 Qe7 19. Be2 Rfd8 20. Bf3 Be8 21.
Rd1 Bf7 22. b3 Nc5 23. Rd2 a5 24. Rfd1 a4 25. b4 Ne6 26. Qe3 Nc7 27. Qd3 Kg7
28. a3 Be6 29. Qe2 Bf7 30. Qd3 Be6 31. Qe2 Bf7 1/2-1/2

[Event "C.to Europeo U18"]
[Site "Fermo ITA"]
[Date "2009.09.01"]
[Round "2"]
[White "Palazzotto, Giuseppe"]
[Black "Vardanian, Haik G."]
[Result "0-1"]
[WhiteElo "1920"]
[BlackElo "2300"]
[PlyCount "87"]
[EventDate "2009.08.31"]

1. d4 d5 2. c4 dxc4 3. Nc3 Nf6 4. Nf3 a6 5. a4 Nc6 6. e3 Bg4 7. Bxc4 e6 8. O-O
Bd6 9. h3 Bh5 10. b3 O-O 11. Ba3 Bxa3 12. Rxa3 Qe7 13. Ra1 e5 14. d5 Rad8 15.
Qe2 Nb4 16. e4 Rd6 17. Rad1 Nd7 18. g4 Bg6 19. Qe3 h5 20. Kg2 hxg4 21. hxg4 Nf6
22. Qg5 Re8 23. Rde1 Bh7 24. Rh1 Nxg4 25. Qxe7 Rxe7 26. Rh4 Nh6 27. Reh1 Kf8
28. Rh5 f6 29. Nh4 Nc2 30. Nf5 Bxf5 31. exf5 Nd4 32. Ne4 Rd8 33. Nxf6 gxf6 34.
Rxh6 Rg7+ 35. Rg6 Rxg6+ 36. fxg6 Kg7 37. Rh7+ Kxg6 38. Rxc7 b5 39. axb5 axb5
40. Bd3+ Kg5 41. Rc5 Kf4 42. Bxb5 e4 43. b4 Rg8+ 44. Kh2 0-1

[Event "C.to Europeo U18"]
[Site "Fermo ITA"]
[Date "2009.09.01"]
[Round "2"]
[White "Piccoli, Vincenzo"]
[Black "Swiercz, Dariusz"]
[Result "0-1"]
[WhiteElo "2007"]
[BlackElo "2492"]
[PlyCount "46"]
[EventDate "2009.08.31"]

1. e4 c5 2. Nf3 d6 3. d4 cxd4 4. Nxd4 Nf6 5. Nc3 a6 6. g3 e5 7. Nde2 Be7 8. a4
Nc6 9. Bg2 Nb4 10. O-O Be6 11. Bg5 Rc8 12. Bxf6 Bxf6 13. Qd2 O-O 14. Rad1 Qa5
15. Nc1 Rfd8 16. Rfe1 h6 17. h4 Qb6 18. N1e2 Be7 19. Rc1 Bf8 20. Nd1 d5 21. Qe3
d4 22. Qd2 d3 23. Nec3 dxc2 0-1

[Event "C.to Europeo U18"]
[Site "Fermo ITA"]
[Date "2009.09.01"]
[Round "2"]
[White "Poetz, Florian"]
[Black "Sreeves, Clement"]
[Result "0-1"]
[WhiteElo "2364"]
[BlackElo "2011"]
[PlyCount "66"]
[EventDate "2009.08.31"]

1. e4 c5 2. Nf3 d6 3. d4 cxd4 4. Nxd4 Nf6 5. Nc3 g6 6. Be3 Bg7 7. f3 Nc6 8. Qd2
O-O 9. Bc4 Bd7 10. Bb3 Rc8 11. O-O-O Ne5 12. Kb1 Re8 13. h4 h5 14. Bh6 Nc4 15.
Bxc4 Rxc4 16. Bxg7 Kxg7 17. Nd5 e5 18. Nxf6 Qxf6 19. Nb3 Rec8 20. c3 R4c6 21.
Qe2 Be6 22. Rd2 Rb6 23. Qd1 a5 24. Qc2 d5 25. Nxa5 Ra8 26. Nb3 dxe4 27. Nc1 e3
28. Re2 Bf5 29. Nd3 Rd8 30. Rxe3 Rbd6 31. Rd1 Qxh4 32. Qe2 Qc4 33. Kc2 Qxa2 0-1

[Event "C.to Europeo U18"]
[Site "Fermo ITA"]
[Date "2009.09.01"]
[Round "2"]
[White "Ponizil, Cyril"]
[Black "Prohaszka, Peter"]
[Result "1/2-1/2"]
[WhiteElo "2314"]
[BlackElo "2508"]
[PlyCount "58"]
[EventDate "2009.08.31"]

1. e4 c6 2. d4 d5 3. exd5 cxd5 4. c4 Nf6 5. Nc3 e6 6. Nf3 Be7 7. cxd5 Nxd5 8.
Bd3 Nc6 9. O-O O-O 10. a3 Bf6 11. Be4 g6 12. Re1 Nxc3 13. bxc3 Qc7 14. Bg5 Bg7
15. c4 h6 16. Be3 Rd8 17. Qc1 g5 18. h4 g4 19. Bxc6 bxc6 20. Ne5 h5 21. c5 Ba6
22. Bh6 f6 23. Bxg7 Kxg7 24. Nc4 Rxd4 25. Nd6 Qd7 26. Qe3 e5 27. Rad1 Rxd1 28.
Rxd1 Rb8 29. Qe4 Bc8 1/2-1/2

[Event "C.to Europeo U18"]
[Site "Fermo ITA"]
[Date "2009.09.01"]
[Round "2"]
[White "Rasulov, Vugar Ural Oglu"]
[Black "Pomaro, Alberto"]
[Result "1-0"]
[WhiteElo "2482"]
[BlackElo "2284"]
[PlyCount "103"]
[EventDate "2009.08.31"]

1. e4 c5 2. Nf3 d6 3. d4 cxd4 4. Nxd4 Nf6 5. Nc3 a6 6. Bg5 e6 7. Qf3 Nbd7 8.
O-O-O h6 9. Bh4 Ne5 10. Qe2 g5 11. Bg3 Qc7 12. h4 Rg8 13. hxg5 hxg5 14. Nf3 Bd7
15. Qd2 Qc5 16. Bxe5 dxe5 17. Nxg5 Bc6 18. Nh7 Be7 19. Nxf6+ Bxf6 20. Qe2 b5
21. Qf3 Ke7 22. Bd3 b4 23. Ne2 a5 24. Kb1 Rg6 25. Rh7 a4 26. Rdh1 a3 27. R1h6
b3 28. cxb3 Rxh6 29. Rxh6 Bg5 30. Rh7 Rf8 31. Bc2 Bd2 32. Rh1 axb2 33. Rd1 Qa5
34. Qg3 Ra8 35. a4 Qc5 36. Kxb2 Bb4 37. Kb1 Ba5 38. Qg5+ Ke8 39. Nf4 Rd8 40.
Nd3 Qc3 41. Nxe5 Rxd1+ 42. Bxd1 Bxe4+ 43. Ka2 Bd5 44. g3 f6 45. Qg8+ Ke7 46.
Qh7+ Kd6 47. Nf7+ Ke7 48. f4 Qd2+ 49. Bc2 Bxb3+ 50. Kxb3 Qc3+ 51. Ka2 Kf8 52.
Nd6 1-0

[Event "C.to Europeo U18"]
[Site "Fermo ITA"]
[Date "2009.09.01"]
[Round "2"]
[White "Rocks, Daniel"]
[Black "Della Mora, David"]
[Result "1-0"]
[WhiteElo "2037"]
[BlackElo "1665"]
[PlyCount "35"]
[EventDate "2009.08.31"]

1. e4 d6 2. d4 g6 3. Nf3 Bg7 4. Nc3 Nf6 5. h3 O-O 6. Be3 Nbd7 7. Qd2 a6 8. Bh6
b5 9. Bxg7 Kxg7 10. e5 Ne8 11. h4 h6 12. h5 g5 13. Nxg5 Bb7 14. Rh3 dxe5 15.
Rg3 Kf6 16. Nh7+ Ke6 17. d5+ Kd6 18. Ne4# 1-0

[Event "C.to Europeo U18"]
[Site "Fermo ITA"]
[Date "2009.09.01"]
[Round "2"]
[White "Rombaldoni, Axel"]
[Black "Kourousis, Epaminondas"]
[Result "1-0"]
[WhiteElo "2425"]
[BlackElo "2237"]
[PlyCount "51"]
[EventDate "2009.08.31"]

1. e4 c6 2. c4 d5 3. exd5 cxd5 4. cxd5 Nf6 5. Nc3 Nxd5 6. Nf3 Nc6 7. Bb5 Nxc3
8. bxc3 Qd5 9. Qb3 Qe4+ 10. Be2 h6 11. d3 Qe6 12. d4 Qxb3 13. axb3 e6 14. b4 b6
15. Bf4 Be7 16. Bb5 Bd7 17. Ba6 Bc8 18. Bb5 Bd7 19. O-O O-O 20. Rfe1 Bf6 21.
Nd2 Rfd8 22. Bc4 Bc8 23. Bc7 Rd7 24. Bxb6 Bb7 25. Bc5 Ne7 26. Rxe6 1-0

[Event "C.to Europeo U18"]
[Site "Fermo ITA"]
[Date "2009.09.01"]
[Round "2"]
[White "Salgado Lopez, Ivan"]
[Black "Lobo, Richard A."]
[Result "1-0"]
[WhiteElo "2558"]
[BlackElo "1920"]
[PlyCount "115"]
[EventDate "2009.08.31"]

1. d4 Nf6 2. Nf3 g6 3. c4 Bg7 4. g3 O-O 5. Bg2 d6 6. O-O c6 7. Nc3 Nbd7 8. b3
Qc7 9. Bb2 Re8 10. e4 e5 11. d5 Nc5 12. Re1 a5 13. Rc1 Re7 14. Ba3 Nfd7 15. Qd2
Bf8 16. h3 f6 17. Nh2 h5 18. Rf1 Rg7 19. Rcd1 g5 20. Qe2 Rh7 21. Rfe1 Be7 22.
Bf3 h4 23. Bg4 Nf8 24. Kg2 Na6 25. Bf5 Bxf5 26. exf5 c5 27. Ng4 hxg3 28. fxg3
Nd7 29. Bb2 Kf7 30. Rh1 Rah8 31. Rb1 Qd8 32. Bc1 Rh5 33. Bd2 b6 34. Nf2 R8h7
35. g4 R5h6 36. Nfe4 Rh8 37. Nb5 Ndb8 38. a3 Nc7 39. Nbc3 Qd7 40. b4 axb4 41.
axb4 Nba6 42. b5 Nb8 43. Ra1 Qc8 44. Ra7 Nd7 45. Nf2 Qb8 46. Rha1 R6h7 47. Nce4
Rg8 48. Ng3 Rhh8 49. Nfe4 Rh7 50. Qf3 Rhh8 51. Nh5 Qc8 52. Kh2 Ne8 53. Bxg5
fxg5 54. f6 Bd8 55. Qf5 Bc7 56. Ra8 Ndxf6 57. Rxc8 Rxh5 58. gxh5 1-0

[Event "C.to Europeo U18"]
[Site "Fermo ITA"]
[Date "2009.09.01"]
[Round "2"]
[White "Sivuk, Vitaly"]
[Black "Palmitessa, Andrea"]
[Result "1-0"]
[WhiteElo "2346"]
[BlackElo "1796"]
[PlyCount "85"]
[EventDate "2009.08.31"]

1. e4 e5 2. f4 Bc5 3. Nf3 d6 4. c3 Nc6 5. Bb5 Bd7 6. d4 Bb6 7. O-O Nf6 8. fxe5
Nxe5 9. Bxd7+ Qxd7 10. Kh1 Nxf3 11. Qxf3 O-O 12. Bg5 Ne8 13. a4 c6 14. Nd2 Bd8
15. Bxd8 Rxd8 16. a5 Nc7 17. b4 d5 18. Qg3 Qd6 19. Rf4 Ne6 20. e5 Qe7 21. Rf5
f6 22. Re1 Rde8 23. Nf3 fxe5 24. Rfxe5 Qf6 25. h3 Nc7 26. Kh2 Rxe5 27. Nxe5 Qf2
28. Nd7 Qxg3+ 29. Kxg3 Re8 30. Rxe8+ Nxe8 31. a6 bxa6 32. Nb8 Nc7 33. Nxc6 Kf7
34. Nxa7 Ke6 35. Kf4 Nb5 36. Nxb5 axb5 37. Kg5 Ke7 38. Kf5 Kd6 39. g4 Kd7 40.
Ke5 Kc6 41. Ke6 g5 42. Ke5 h6 43. Ke6 1-0